Retrouvez le titre de la musique disney pixar #4 - Statistiques

Statistiques générales
  • Ce quiz a été pris 662 fois
  • Le résultat moyen est 4 sur 10
Statistiques - réponses
Hint Paroles Réponses % Correct
3 Je vais ouvrir tes yeux aux délices et aux merveilles de ce voyage en plein ciel. Ce rêve bleu (Aladdin)
95%
1 Ensuite je lis un livre et même deux ou trois, j'ajoute quelques couleurs. Ou est la vraie vie (Raiponce)
74%
7 Même si je suis très loin de toi, tu restes dans mon coeur, je chante en secret chaque soir. Ne m'oublie pas (Coco)
46%
10 Pas un gramme de graisse quand ses pectoraux se compressent. De zéro en héros (Hercule)
38%
6 Ton gai refrain met du bleu dans le coeur, clap clip clap giboulée d'étoiles. La chanson de la pluie (bambi)
38%
4 J'étais sur une autre planète, étrangère même chez moi. Je te cherche (La reine des neiges 2)
27%
2 Ou il y a un bébé, il y a du lait pardi ! Si on allait voire le biberon du bébé ? Chanson des siamois (La belle et le clochard)
23%
8 Toutes ces émotions nouvelles d'un monde nouveau loin très loin d'ici. Je veux savoir (Tarzan)
17%
5 Des chansons que nul n'entend quand après l'hiver renait la terre. Les fées rêvent du printemps (La fée clochette)
3%
9 Un ami donne à la vie toutes ses couleurs, découvrir de nouveaux êtres, nous laisse parfois songeur. Un chat, un chien et un rongeur (Volt)
3%
Aucun quiz correspondant
Distribution des résultats
% des personnes avec chaque résultat
Percentile par nombre de réponses
Votre historique - résultats
Vous n’avez pas pris ce quiz